Principles of Compiler Design (Record no. 8772)

MARC details
000 -LEADER
fixed length control field 00395nam a2200169Ia 4500
008 - FIXED-LENGTH DATA ELEMENTS--GENERAL INFORMATION
fixed length control field 221030s9999 xx 000 0 und d
020 ## - INTERNATIONAL STANDARD BOOK NUMBER
ISBN 8185015619
041 ## - LANGUAGE CODE
Language code of text/sound track or separate title
082 ## - DEWEY DECIMAL CLASSIFICATION NUMBER
Classification number 105.23
Item number Aho
100 ## - MAIN ENTRY--AUTHOR NAME
Personal name A. V. Aho
245 #0 - TITLE STATEMENT
Title Principles of Compiler Design
260 ## - PUBLICATION, DISTRIBUTION, ETC. (IMPRINT)
Name of publisher Narosa Pub
Place of publication New Delhi
Year of publication 2002
300 ## - PHYSICAL DESCRIPTION
Number of Pages 612
650 ## - SUBJECT ADDED ENTRY--TOPICAL TERM
Topical Term Computers
700 ## - ADDED ENTRY--PERSONAL NAME
Personal name J. D. Ullman
942 ## - ADDED ENTRY ELEMENTS (KOHA)
Koha item type Books
Holdings
Accession Number Cost, normal purchase price Full call number Price effective from Koha item type Withdrawn / writtenoff status Materials specified (bound volume or other part) Damaged status Not for loan Permanent Location Current Location Shelving location Date acquired Lost/ Missing status department Source of acquisition
M 712 250.00 105.23 Aho 10/30/2022 Books   Print     MIET Library, Jammu MIET Library, Jammu BL-Academic Block- B, FL-2, CUP-26, SH-2, R-2 09/28/2005   MCA  
M 713 250.00 105.23 Aho 10/30/2022 Books   Print     MIET Library, Jammu MIET Library, Jammu BL-Academic Block- B, FL-2, CUP-146, SH-4, R-4 09/28/2005   MCA  
M 714 250.00 105.23 Aho 10/30/2022 Books   Print     MIET Library, Jammu MIET Library, Jammu BL-Academic Block- B, FL-2, CUP-146, SH-4, R-4 09/28/2005   MCA  
M 715 250.00 105.23 Aho 10/30/2022 Books   Print     MIET Library, Jammu MIET Library, Jammu BL-Academic Block- B, FL-2, CUP-146, SH-4, R-4 09/28/2005   MCA  
M 716 250.00 105.23 Aho 10/30/2022 Books   Print     MIET Library, Jammu MIET Library, Jammu BL-Academic Block- B, FL-2, CUP-146, SH-4, R-4 09/28/2005   MCA  
BB 713 375.00   10/30/2022 Books   Print     MIET Library, Jammu MIET Library, Jammu BL-Academic Block B, FL-2, CUP-104, SH-1, R-1 10/12/2015   BB Gifted by Mrs. Juhi Chib ( Ex-Student of CSE - 1999 )
BB 1015 250.00   10/30/2022 Books   Print     MIET Library, Jammu MIET Library, Jammu BL-Academic Block B, FL-2, CUP-73, SH-2, R-2 02/01/2022   BB Donation